| 000 | 00392 a2200169 4500 | ||
|---|---|---|---|
| 003 | OSt | ||
| 005 | 20260417103515.0 | ||
| 008 | 260417b |||||||| |||| 00| 0 eng d | ||
| 040 | _cmain | ||
| 100 | _aHARISH CHANDRA | ||
| 110 | _aHARISH CHANDRA | ||
| 245 | _aZubay's Principles of biochemistry | ||
| 250 | _a6th | ||
| 260 |
_bmedtch _c2026 |
||
| 264 |
_bmedtch _c2026 |
||
| 942 |
_cBK _2ddc |
||
| 999 |
_c394949 _d394949 |
||